000 00645nam a2200205Ii 4500
003 JO-AjNU
008 230606s9999||||xx |||||||||||||| ||und||
020 _a0-393-92496-3
040 _aJO-AjNU
_beng
_erda
_cJO-AjNU
041 _aeng
050 1 4 _aHD30.22.M354.2004
100 3 _aALLEN,BRUCE .W/NEIL DOHERTY/KEITH WEIGELT/EDWIN MANSFIELD,
_eauthor
_91800
245 0 0 _aManagerial Economics:Theory,Applications,and Cases
264 3 1 _aNEW YORK:W.W.NORTON COMPANY,2004
300 _a832p
336 _atext
_btxt
_2rdacontent
337 _aunmediated
_bn
_2rdamedia
338 _avolume
_bnc
_2rdacarrier
650 4 _aManagerial Economics
_91801
999 _aE949
_c949
_d949